WWE Nicknames #2 - Statistics

General Stats
  • This quiz has been taken 1,498 times
    1,410 since last reset
  • The average score is 15 of 20
Answer Stats
Hint Answer % Correct
The Phenom / The Deadman / Big Evil Undertaker
98%
The Big Red Monster / The Devil's Favorite Demon Kane
95%
The Phenomenal One AJ Styles
93%
The Game / Cerebral Assassin Triple H
91%
The World's Strongest Man / Sexual Chocolate Mark Henry
88%
The Lunatic Fringe Dean Ambrose
84%
The Olympic Hero Kurt Angle
83%
The Man Becky Lynch
82%
Latino Heat Eddie Guerrero
81%
Demon King Finn Balor
77%
The Show-off Dolph Ziggler
75%
The Snake Jake Roberts
75%
The Eater of Worlds / The New Face of Fear Bray Wyatt
73%
The Boss Sasha Banks
68%
The Great One The Rock
68%
Billion Dollar Princess Stephanie McMahon
62%
The Barber Brutus Beefcake
50%
Long Island Iced Z Zack Ryder
49%
The Milan Miracle Santino Marella
45%
The Genius Lanny Poffo
17%
No matching quizzes found
Score Distribution
Percent of People with Each Score
Percentile by Number Answered
Your Score History
You have not taken this quiz since the last reset